=LDR 00000nam 2200000 4500 =001 INLIS000000000007127 =005 20130612095158 =008 ***********************************Ind** =035 ##$$0010-061300000007127 =041 ##$$a Ind =082 ##$$a 2x5.2 =090 ##$$a 2x5.2, Arm k =100 ##$$a Armstrong, Amatullah =245 ##$$a Khazanah istilah sufi, kunci memasuki dunia tasawuf, Amatullah Armstrong; penerjemah, M.S. Nashrullah =260 ##$$a 1995 $b Bandung =300 ##$$a 336 hlm., 24 cm =650 ##$$a Tasawuf =700 ##$$a Nashrullah, MS